000 00440nam a2200145 4500
999 _c509827
_d509827
008 190616b ||||| |||| 00| 0 eng d
100 _aTarullo, Daniel K.
_96290
245 _aFinancial regulation: still unsettled a decade after the crisis
260 _c2019
300 _ap.61-80.
650 _aRegulation
_96291
773 _aJournal of Economic Perspectives
906 _aFinancial administration - United States
942 _2ddc
_cAR